000 00449nam a2200181Ia 4500
003 OSt
005 20241018153647.0
008 210210b1973 xxu||||| |||| 00| 0 eng d
040 _cAL
082 _a152.4 EVOM
100 _aEVOY (John J) and O'KEEFE (Maureen)
_9182718
245 _aMan and the woman
260 _aAllahabad
_bBetter yourself books
_c1973
300 _a134
690 _aPsychology
_9182719
906 _a030543
942 _2ddc
_cBK
999 _c81788
_d81788